000 00707cam a22002533a 4500
001 26791
003 PGUSA
005 20140828083558.0
008 081006s2008||||xxu|||||s|||||000 p eng d
040 _aPGUSA
_beng
042 _adc
050 4 _aPR
245 1 0 _aErmeline :
_ba ballad
_h[electronic resource]
260 _bProject Gutenberg,
_c2008
505 0 _aErmeline -- The cuckoo's song in Merion.
506 _aPublic domain in the USA.
516 _aElectronic text
653 _aEnglish poetry
700 1 _aWise, Thomas James,
_d1859-1937
700 1 _aBorrow, George,
_d1803-1881
830 0 _aProject Gutenberg
_v26791
856 4 0 _uhttp://www.gutenberg.org/ebooks/26791
942 _cEB
999 _c256046
_d256046